All fall down : (Record no. 17899)
[ view plain ]
| 000 -LEADER | |
|---|---|
| fixed length control field | 01068cam a2200325 i 4500 |
| 001 - CONTROL NUMBER | |
| control field | 011029822 |
| 003 - CONTROL NUMBER IDENTIFIER | |
| control field | EG-ScBUE |
| 005 - DATE AND TIME OF LATEST TRANSACTION | |
| control field | 20240428091734.0 |
| 008 - FIXED-LENGTH DATA ELEMENTS--GENERAL INFORMATION | |
| fixed length control field | 140105t2001 nyu f 001 0 eng d |
| 020 ## - INTERNATIONAL STANDARD BOOK NUMBER | |
| International Standard Book Number | 0595202535 |
| 020 ## - INTERNATIONAL STANDARD BOOK NUMBER | |
| International Standard Book Number | 9780595202539 |
| 040 ## - CATALOGING SOURCE | |
| Original cataloging agency | EG-ScBUE |
| Language of cataloging | eng |
| Description conventions | rda |
| Transcribing agency | EG-ScBUE |
| Modifying agency | EG-ScBUE |
| 043 ## - GEOGRAPHIC AREA CODE | |
| Geographic area code | a-ir--- |
| -- | n-us--- |
| 082 04 - DEWEY DECIMAL CLASSIFICATION NUMBER | |
| Classification number | 955.054 |
| Edition number | 22 |
| Item number | SIC |
| 100 1# - MAIN ENTRY--PERSONAL NAME | |
| Personal name | Sick, Gary, |
| Dates associated with a name | 1935- |
| Relator term | author. |
| 9 (RLIN) | 34775 |
| 245 10 - TITLE STATEMENT | |
| Title | All fall down : |
| Remainder of title | America's tragic encounter with Iran / |
| Statement of responsibility, etc | Gary Sick. |
| 264 #1 - PUBLICATION, DISTRIBUTION, ETC. (IMPRINT) | |
| Place of publication, distribution, etc | Lincoln, United States : |
| Name of publisher, distributor, etc | iUniverse.com, Inc., |
| Date of publication, distribution, etc | [2001] |
| 264 #4 - PUBLICATION, DISTRIBUTION, ETC. (IMPRINT) | |
| Place of publication, distribution, etc | c2001 |
| 300 ## - PHYSICAL DESCRIPTION | |
| Extent | xxxi, 432 pages ; |
| Dimensions | 20 cm |
| 336 ## - CONTENT TYPE | |
| Source | rdacontent |
| Content type term | text |
| Content type code | txt |
| 337 ## - MEDIA TYPE | |
| Media type term | unmediated |
| Source | rdamedia |
| Media type code | n |
| 338 ## - CARRIER TYPE | |
| Carrier type term | volume |
| Carrier type code | nc |
| Source | rdacarrier |
| 500 ## - GENERAL NOTE | |
| General note | Includes index.<br/> |
| 650 #7 - SUBJECT ADDED ENTRY--TOPICAL TERM | |
| Topical term or geographic name as entry element | Iran Hostage Crisis, 1979-1981. |
| Source of heading or term | BUEsh |
| 9 (RLIN) | 34776 |
| 651 #7 - SUBJECT ADDED ENTRY--GEOGRAPHIC NAME | |
| Geographic name | United States |
| General subdivision | Foreign relations |
| Geographic subdivision | Iran. |
| Source of heading or term | BUEsh |
| 9 (RLIN) | 34777 |
| 651 #7 - SUBJECT ADDED ENTRY--GEOGRAPHIC NAME | |
| Geographic name | Iran |
| General subdivision | Foreign relations |
| Geographic subdivision | United States. |
| Source of heading or term | BUEsh |
| 9 (RLIN) | 34778 |
| 653 ## - INDEX TERM--UNCONTROLLED | |
| Arrived date list | January2014 |
| 655 ## - INDEX TERM--GENRE/FORM | |
| Form subdivision | Reading book |
| 9 (RLIN) | 34232 |
| 942 ## - ADDED ENTRY ELEMENTS (KOHA) | |
| Source of classification or shelving scheme | Dewey Decimal Classification |
| Koha item type | Book - Borrowing |
| Withdrawn status | Lost status | Source of classification or shelving scheme | Damaged status | Not for loan | Collection code | Home library | Current library | Shelving location | Date acquired | Source of acquisition | Total Checkouts | Total Renewals | Full call number | Barcode | Date last seen | Date checked out | Price effective from | Koha item type |
|---|---|---|---|---|---|---|---|---|---|---|---|---|---|---|---|---|---|---|
| Dewey Decimal Classification | Baccah | Central Library | Central Library | Second Floor | 05/01/2014 | Purchase | 5 | 8 | 955.054 SIC | 000035291 | 15/07/2025 | 26/12/2017 | 05/01/2014 | Book - Borrowing | ||||
| Dewey Decimal Classification | Baccah | Central Library | Central Library | Second Floor | 05/01/2014 | Purchase | 5 | 10 | 955.054 SIC | 000035292 | 15/07/2025 | 18/01/2018 | 05/01/2014 | Book - Borrowing | ||||
| Dewey Decimal Classification | Baccah | Central Library | Central Library | Second Floor | 05/01/2014 | Purchase | 4 | 17 | 955.054 SIC | 000035293 | 15/07/2025 | 07/03/2022 | 05/01/2014 | Book - Borrowing |